000
00313nam a2200109 4500
008
b xx# fre u
040
_a
LB-BrCRDP
082
1
_a
372.65
_b
IMA
245
1
2
_a
L'imagerie Français Anglais
_c
Conception: Emilie Beaumont
942
_c
BK
999
_c
9647
_d
9647